000 00392 a2200157 4500
001 49397
020 _a8572084614
040 _cAnchieta - Bela Vista
100 _aSypriano, Lilian
240 1 0 _aAcorda, rubião! tem fantasma no porão!
_lpor
245 1 0 _aAcorda, rubião! tem fantasma no porão!
300 _a32
362 0 _a2006
650 4 _aLiteratura infanto-juvenil
942 _cBK
999 _c49397
_d49397